| 000 | 01075nac a22003137a 4500 | ||
|---|---|---|---|
| 001 | BR8805318 | ||
| 003 | BR-BrBNA | ||
| 005 | 20240105120832.0 | ||
| 008 | 230509b bl.|||m| |||| 00| 0 por d | ||
| 040 |
_aBR-BrBNA _bpor _cBiblioteca Nacional de Agricultura |
||
| 072 | _aF07; P36 | ||
| 090 | _a3240 BR8805318 | ||
| 100 | 1 | _aBarbosa, A.V. de O. | |
| 100 | 1 | _aCaneva, R.A. | |
| 100 | 1 | _aColli Junior, G. | |
| 100 | 1 | _aMoro, L. | |
| 100 | 1 | _aMacedo, L.A. de | |
| 110 | 1 |
_aInstituto de Pesquisas e Estudos Florestais, Piracicaba, SP (Brasil) _96160 |
|
| 245 | 1 | _aImplementos para o preparo de solo em "reforma" de povoamentos de Eucalipto, desenvolvidos pela Champion Papel e Celulose Ltda. | |
| 260 | 3 |
_aPiracicaba, SP (Brasil): _c1988. |
|
| 300 | _a5 p. | ||
| 490 |
_aCircular Tecnica - Instituto de Pesquisas e Estudos Florestais (Brazil) _vno. 158 _xISSN 0100-3453 |
||
| 500 | _a6 illus. | ||
| 650 | _aEUCALIPTO | ||
| 650 | _aCULTIVO DO SOLO | ||
| 650 | _aTRATAMENTO DO SOLO | ||
| 909 |
_a202312 _bLúcia Elande _c55 _dLúcia Elande |
||
| 942 |
_2AGRIS _n0 _cMS |
||
| 999 |
_c281695 _d281695 |
||